| 000 | 00418 a2200157 4500 | ||
|---|---|---|---|
| 005 | 20250619070430.0 | ||
| 020 | _a0-13-208608-5 | ||
| 082 | _a658.7CHO | ||
| 100 | _aCHOPRA, S. | ||
| 245 | _aSupply Chain Management: Strategy, Planning and Operation | ||
| 250 | _a3rd Ed. | ||
| 260 |
_aNew York, _bPearson, _c2007. |
||
| 300 |
_axiii,530p.; ill.; figure, table _bIndex _c25cm |
||
| 700 | _aMEINDL, P. | ||
| 942 |
_2ddc _cBKS |
||
| 999 |
_c4348 _d4348 |
||